Electrical networks : (Record no. 180786)
[ view plain ]
| 000 -LEADER | |
|---|---|
| fixed length control field | 01008 a2200193 4500 |
| 003 - CONTROL NUMBER IDENTIFIER | |
| control field | Nust |
| 005 - DATE AND TIME OF LATEST TRANSACTION | |
| control field | 20221031102608.0 |
| 010 ## - LIBRARY OF CONGRESS CONTROL NUMBER | |
| LC control number | 84015319 |
| 020 ## - INTERNATIONAL STANDARD BOOK NUMBER | |
| International Standard Book Number | 0471085286 : |
| 040 ## - CATALOGING SOURCE | |
| Transcribing agency | Nust |
| 082 00 - DEWEY DECIMAL CLASSIFICATION NUMBER | |
| Classification number | 621.3192,CHO |
| 100 1# - MAIN ENTRY--PERSONAL NAME | |
| Personal name | Choma, John, |
| 9 (RLIN) | 101822 |
| 245 10 - TITLE STATEMENT | |
| Title | Electrical networks : |
| Remainder of title | theory and analysis / |
| Statement of responsibility, etc. | John Choma, Jr. |
| 260 ## - PUBLICATION, DISTRIBUTION, ETC. | |
| Place of publication, distribution, etc. | New York : |
| Name of publisher, distributor, etc. | Wiley, |
| Date of publication, distribution, etc. | c1985. |
| 300 ## - PHYSICAL DESCRIPTION | |
| Extent | xx, 773 p. : |
| Other physical details | ill. ; |
| Dimensions | 25 cm. |
| 505 ## - FORMATTED CONTENTS NOTE | |
| Formatted contents note | Matrix Methods of Analysis (Page-1), Introductory Graph Theory (Page-36), Topological Network Analysis (Page-75), Multiport Network Analysis (Page-152), Circuits Analysis (Page-226), Linearzed Analysis of Nonlinear Networks (Page-306),Sensitivity Analysis of Linear Networks (Page-363), Performance Estimations of Linear Active Circuits (Page-422), Circuits Analysis and Design (Page-479), Signal Flow and Feedback (Page-556), Network Interstaging (Page-642), Characteristics of Linear Active Devices (Page-713), |
| 650 #0 - SUBJECT ADDED ENTRY--TOPICAL TERM | |
| Topical term or geographic name entry element | Electric networks. |
| 9 (RLIN) | 41311 |
| 942 ## - ADDED ENTRY ELEMENTS (KOHA) | |
| Source of classification or shelving scheme | |
| Koha item type | Book |
| Withdrawn status | Lost status | Source of classification or shelving scheme | Damaged status | Not for loan | Permanent Location | Current Location | Shelving location | Date acquired | Full call number | Barcode | Date last seen | Price effective from | Koha item type | Public note |
|---|---|---|---|---|---|---|---|---|---|---|---|---|---|---|
| Military College of Signals (MCS) | Military College of Signals (MCS) | General Stacks | 12/12/2016 | 621.3192,CHO | MCS5998 | 12/08/2016 | 12/12/2016 | Book | Almirah No.29, Shelf No.4 |
